| 000 | 00000nam##2200000za#4500 |
| 001 | 9.642907 |
| 003 | CaOODSP |
| 005 | 20210624223926 |
| 007 | cr ||||||||||| |
| 008 | 150407|2015||||xxc|||||o f|0| 0 fre|d |
| 020 | |a978-0-660-21839-7 |
| 040 | |aCaOODSP|bfre |
| 043 | |an-cn--- |
| 086 | 1 |aCW66-386/2015F-PDF |
| 110 | 2 |aService canadien de la faune. |
| 245 | 10|aRéserve nationale de faune de la Baie-de-L'Isle-Verte |h[ressource électronique] |
| 260 | |aOttawa - Ontario : |bEnvironnement Canada. |cc2014. |
| 300 | |a1p.|bphotographies |
| 590 | |a15-11|b2015-03-13 |
| 691 | 07|aAire de conservation|2gcpds |
| 691 | 07|aGestion de la faune|2gcpds |
| 775 | 08|tBaie de L'Isle-Verte National Wildlife Area |w(CaOODSP)9.698921 |
| 776 | 0#|tBaie de L'Isle-Verte National Wildlife Area |w(CaOODSP)9.674015 |
| 776 | 0#|tRéserve nationale de faune de la Baie de L'Isle-Verte |w(CaOODSP)9.674016 |
| 856 | 40|ahttp://publications.gc.ca|qPDF|s471 KB|uhttps://publications.gc.ca/collections/collection_2015/ec/CW66-386-2015-fra.pdf |